000
00240nam a22000977a 4500
999
_c
11440
_d
11440
008
190524b ||||| |||| 00| 0 eng d
020
_a
9789380058276
100
_a
Mind Fuels
_9
7167
245
_a
Braver Til TII
260
_a
New Delhi
_b
Mind Fuels